| 000 | 00455nam a2200157Ia 4500 | ||
|---|---|---|---|
| 008 | 230917s9999||||xx |||||||||||||| ||und|| | ||
| 040 |
_e100967 _aMAIN |
||
| 041 | _aEnglish | ||
| 082 | _a346.022 K141L | ||
| 100 | _aKapoor, S K | ||
| 245 | 0 | _aLaw of contract- I (Secs. - 1-75 of the Indian contract act, 1872 and the specific relief act, 1963) | |
| 250 | _a9th ed. | ||
| 260 |
_aAllahabad _bCentral Law Agency _c2002 |
||
| 300 | _av. p. | ||
| 942 | _cBK | ||
| 999 |
_c115395 _d115395 |
||